Datum a čas kvízu
17.5
Celkem bodů
Celkový počet nahraných bodů na tomto kvízu bez doplňovacích otázek.
12.
Pořadí na kvízu
Konečné umístění týmu na tomto kvízu.
Zaznamenané odpovědi
# | Otázka | Odpověď | Body | Výsledky |
---|---|---|---|---|
1. | Minulý týden projednával Městs... | krabice od banánů, Lidl | 0.5 | |
2. | Ve kterém městě zahajoval Kare... | v Ottawě | 0 | |
3. | Jak se jmenuje seriál, do něho... | Harry Potter, HBO (Max) | 0.5 | |
4. | Jak se jmenuje horská chata le... | Luční bouda | 0 | |
5. | Napište jméno muže, který byl... | David Trunda | 0 | |
6. | Milovníci komiksů se každoročn... | Comic-Con | 1 | |
7. | Jak se jmenuje zvíře, které je... | Garfield | 1 | |
8. | Jedním z nejoblíbenějších komi... | 1B 2C 3A 4D | 0 | |
9. | Jak se jmenuje muž, který nakr... | Štěpán Mareš | 0 | |
10. | V současné době vychází v komi... | Karel Jaromír Erben, Kytice | 1 |